000 00546nam a2200169Ia 4500
003 GCL
005 20240530103717.0
008 140319s9999 xx 000 0 ara d
040 _aGCL /
_cGCL
082 0 4 _a158
_bع ق
100 1 _aعباس محمود عوض
_eترجمة وتقديم
245 1 0 _aقراءات فى علم النفس والفلسفة والاجتماع /
_cترجمة وتقديم عباس محمود عوض
300 _a136 ص
490 _aكتاب
_v0
650 0 4 _aعلم النفس التطبيقى
942 _2ddc
_cBK
999 _c41886
_d41886